[Event "Nanjing Pearl Spring 2nd"]
[Site "Nanjing"]
[Date "2009.10.04"]
[Round "6"]
[White "Jakovenko, Dmitrij"]
[Black "Topalov, Veselin"]
[Result "0-1"]
[WhiteElo "2742"]
[BlackElo "2813"]
[Annotator "Krasenkow,M"]
[PlyCount "58"]
[EventDate "2009.09.28"]
[EventType "tourn"]
[EventRounds "10"]
[EventCountry "CHN"]
[EventCategory "21"]
[SourceTitle "CBM 133"]
[Source "ChessBase"]
[SourceDate "2009.11.19"]
[SourceVersion "1"]
[SourceVersionDate "2009.11.19"]
[SourceQuality "1"]

1. d4 Nf6 2. c4 g6 3. Nc3 d5 4. Nf3 Bg7 5. Qa4+ Bd7 6. Qb3 dxc4 7. Qxc4 O-O 8.
Bf4 Na6 9. e4 c5 {This line was examined in CBM 103 (annotations to Cs.Horvath
- Flumbort) and CBM 107 (annotations to Riazantsev - Sutovsky).} 10. e5 Nh5 11.
Be3 cxd4 12. Qxd4 Bc6 13. Be2 Qa5 (13... Bxf3 14. Bxf3 Qxd4 15. Bxd4 Nb4 16.
O-O-O Nf4 17. Kb1 Ne6 18. Be3 Bxe5 19. Rd7 Nc6 20. Rhd1 Rab8 21. Na4 Rfc8 22.
Rc1 Ned4 $11 {1/2 Riazantsev,A (2608)-Sutovsky,E (2665)/Sochi 2005/CBM 107 (32)
}) (13... Qc7 14. Qh4 Bxe5 15. Nxe5 Qxe5 16. O-O-O Nc7 17. Rhe1 Ne6 18. Bxh5
Qxh5 19. Qxh5 gxh5 20. Nd5 Rfe8 21. Bh6 Kh8 22. Bd2 Rac8 (22... Kg7 $142 $11)
23. Bc3+ Kg8 24. Re5 Bxd5 25. Rexd5 Red8 26. Rxh5 $14 {/=1-0 Grigoriants,S 
(2553)-Esen,B (2287)/Warsaw 2005/CBM 108 (62)}) 14. O-O Nb4 $6 $146 {Hardly a
good novelty.} (14... Bxf3 15. Bxf3 Bxe5 16. Qd5 Qxd5 17. Nxd5 Rfe8 18. Rac1 e6
19. Nc3 Re7 20. a3 Bf4 21. Bxh5 Bxe3 22. fxe3 gxh5 23. Ne4 $11 {1/2 Sokolov,I 
(2695)-Van Wely,L (2654)/Belgium 2003/CBM 097 ext (37)}) 15. Qh4 (15. Qc5 $5 {
is simple and strong:} Qxc5 16. Bxc5 a5 (16... Bxf3 17. Bxf3 Nd3 18. Bxe7 Rfe8
19. Nd5 Bxe5 20. g3 $14) 17. g3 (17. Bxe7 Rfe8 18. Bd6 Nf4 $132) 17... Bxf3 18.
Bxf3 Bxe5 19. Bxe7 Rfe8 20. Bg5 $14) 15... Nc2 $6 (15... Bxf3 16. Bxf3 Bxe5 17.
Qxe7 (17. Bxh5 Bf6 $1 18. Qe4 gxh5 19. Qxb7 Nc2 $132) 17... Nc2 18. Rad1 Nxe3
19. fxe3 Rae8 20. Qxb7 Nf6 $44 {[%csl Re3,Ge5]}) 16. g4 $1 Nxe3 $2 {After this
move White wins a piece without sufficient compensation.} (16... Nxa1 $8 17.
Rxa1 Qb4 $1 18. gxh5 Qxb2 19. Rc1 Bxf3 20. Bxf3 Rac8 21. h6 $1 Bxe5 22. Ne2 $14
{White's bishop pair and "nail" on h6 gives him slightly better prospects.})
17. fxe3 Bh6 18. Nd1 Kh8 19. gxh5 Rg8 20. Kf2 Rad8 21. hxg6 $6 (21. Qxe7 {
was much simpler, e.g.} gxh5 22. Rg1 Rxg1 23. Kxg1 Bxf3 24. Qf6+ Bg7 25. Qxf3
Bxe5 26. Kf1 $18) 21... Bxf3 22. Kxf3 (22. gxf7 $2 Rg7 23. Qxe7 Bxe2 24. f8=Q+
Rxf8+ 25. Qxf8+ Rg8 26. Qxh6 Qd2 $11) 22... Rxg6 23. Qe4 (23. Qxe7 $4 Qd5+ 24.
e4 Qd2 $19 {[%cal Rd2f4,Rd8d3]}) 23... f5 $5 24. Qc4 Qd2 25. Rc1 $4 {[%mdl
8192] Just blunders away a rook. In fact, it was not easy for White to parry
Black's threats and consolidate his position:} (25. Qc3 Qd5+ 26. Kf2 Bg5 27.
Ke1 Bh4+ 28. Nf2 Rg2 $44) (25. Rf2 $1 {was probably the most appropriate but
after} Qe1 (25... Rc6 $143 26. Qb3 Rb6 27. Bc4 $1 Qe1 28. Qc3 Qh1+ 29. Ke2 Rc6
30. a4 $16) (25... Rg4 26. Bf1 $1 Qa5 27. b4 $1 Qxe5 28. Qc3 $16) 26. Bd3 Rg4
27. Qc2 Qh1+ 28. Ke2 Rg1 29. Qc3 e6 {it is not easy for White to swap off his
pieces.}) 25... Rc6 $19 26. Qh4 Qxc1 27. Qxe7 Rg8 28. e6 Qd2 29. Kf2 f4 0-1

[Event "Nanjing Pearl Spring 2nd"]
[Site "Nanjing"]
[Date "2009.10.06"]
[Round "8"]
[White "Leko, Peter"]
[Black "Topalov, Veselin"]
[Result "0-1"]
[WhiteElo "2762"]
[BlackElo "2813"]
[Annotator "Krasenkow,M"]
[PlyCount "80"]
[EventDate "2009.09.28"]
[EventType "tourn"]
[EventRounds "10"]
[EventCountry "CHN"]
[EventCategory "21"]
[SourceTitle "CBM 133"]
[Source "ChessBase"]
[SourceDate "2009.11.19"]
[SourceVersion "1"]
[SourceVersionDate "2009.11.19"]
[SourceQuality "1"]

1. d4 Nf6 2. c4 g6 3. g3 Bg7 4. Bg2 d5 5. cxd5 Nxd5 6. e4 Nb6 7. Ne2 c5 8. d5
e6 9. O-O O-O 10. Nbc3 Na6 11. Nf4 e5 12. Nd3 c4 13. Ne1 {For this line - see
CBM 108, annotations to Wojtaszek - Kovchan. However, a lot of games have been
played since then.} Bd7 (13... f5 {was "rehabilitated" in the following game:}
14. Be3 Bd7 15. Qd2 Rc8 $5 16. Rd1 Nc5 17. d6 Qf6 18. Bg5 Qe6 19. exf5 gxf5 20.
Nd5 Kh8 21. Ne7 (21. Be7 $5 e4 $5 22. Bxf8 Rxf8 23. Nf4 Qe5 $44) 21... Rcd8 22.
Nd5 $6 e4 23. Nf4 Qe5 24. Nh5 Qxb2 25. Qe3 Nd3 26. Nxg7 Qxg7 27. Bxd8 Rxd8 $44
{0-1 Akesson,J (2344)-Nyback,T (2565)/Stockholm 2007/CBM 122 Extra (43)}) 14.
Qe2 $146 {[%mdl 8] A committal move. It is unclear yet whether e2 will be the
best square for the white queen. On the other hand, White prevents ...
Nb6-c8-d6.} (14. f4 {(the most active move) was recently met with} Nc5 $1 (
14... exf4 $143 15. Bxf4 Nc5 16. Qd2 Nba4 17. Rc1 Nxc3 18. bxc3 Re8 19. e5 $1
Bxe5 20. Bxe5 Rxe5 21. Nf3 Re8 22. Qd4 $44 {1-0 Wojtaszek,R (2569)-Kovchan,A 
(2488)/Warsaw 2005/CBM 108 (30)}) {and Black obtained a good position:} 15.
fxe5 Bxe5 16. Bh6 (16. Nf3 Bg4) 16... Re8 17. Qd2 Nba4 18. Nxa4 Nxa4 19. Rb1 f6
20. b3 cxb3 21. Rxb3 Nc5 22. Rb1 Rc8 $15 {[%csl Re4,Ge5] 0-1 Ilincic,Z (2542)
-Sedlak,N (2553)/Decs HUN 2008/The Week in Chess 756 (39)}) (14. Be3 {is
probably the best move after all. Black replied} Nc8 {in several recent games
but failed to reach full equality:} (14... Rc8 15. a4 $1 $14) 15. f4 Nd6 16.
Qd2 (16. fxe5 Bxe5 17. Bd4 f6 18. Qd2 Bxd4+ 19. Qxd4 Qb6 20. Qxb6 axb6 21. Nf3
Rfe8 22. Rae1 Nf7 23. b3 Rac8 24. Rb1 b5 {1/2 Kharitonov,A (2526)-Kempinski,R 
(2595)/Plovdiv 2008/CBM 124}) 16... f6 (16... Nb4 17. a3 Nd3 18. Nxd3 cxd3 19.
Qxd3 Rc8 20. Rf2 Re8 21. fxe5 Bxe5 22. Bd4 $14 {1/2 Zhu Chen (2482)-Sutovsky,E
(2624)/Gibraltar 2006/CBM 110 ext (60) - Black does not have full compensation
for the pawn}) 17. fxe5 fxe5 18. Nf3 (18. Rxf8+ Qxf8 19. Nf3 $14) 18... b5 (
18... Qc7 $142 19. Qf2 b6 $11) 19. a3 Qc7 20. Qf2 h6 21. Kh1 Kh7 22. h3 Kg8 23.
g4 $14 {[%csl Ra6,Ra7] 1/2 Sebenik,M (2502)-Kempinski,R (2595)/Plovdiv 2008/
CBM 124 (50)}) 14... Nc5 15. Be3 Rc8 16. Nf3 {[%cal Yf3d2]} Qe8 $5 (16... Nba4
{looks normal and will be probably tested in future games.} 17. Qxc4 $140 Nxc3
18. bxc3 Na4 19. Qb4 a5 $1 $132) 17. Nd2 f5 18. exf5 gxf5 19. Nxc4 Nxc4 20.
Qxc4 {White has won a pawn. Black has more active pieces but does it
compensate for his material deficit?} Ne4 $5 (20... b5 21. Qh4 $14) 21. Qb4
Nxc3 22. bxc3 f4 23. Bc5 $2 (23. Bxa7 f3 24. Bh1 {[%csl Rh1]} b5 $5 {was
unclear but the text move is simply bad.}) 23... f3 24. Bxf8 (24. Bh1 Rf4 $1
25. c4 b6 26. Be3 Rfxc4 27. Qa3 e4 $19) 24... Bxf8 25. Qxb7 fxg2 26. Kxg2 {
[%csl Gd7,Gf8,Rg2] White is OK materially but Black's bishop pair should
decide the game, taking into consideration the poor position of the white king.
} Qf7 $1 27. Rab1 (27. Qb3 e4 28. c4 Rxc4 $1 29. Qxc4 $140 Qf3+ 30. Kg1 Bh3 $19
) 27... e4 $5 (27... Rxc3 28. Kg1 e4 {is also good.}) 28. f4 (28. Kg1 Bc5 {
[%cal Yc8f8]}) (28. f3 Rxc3 29. fxe4 Rc2+ 30. Kh1 Qh5 $19) 28... Rxc3 29. Rb3
Rd3 (29... Rc7 $1 $19 {was even stronger.}) 30. f5 {Desperation.} Rd2+ 31. Rf2
Rxf2+ 32. Kxf2 Qxf5+ 33. Ke1 Bc5 {White must now choose between a mate and a
hopeless endgame.} 34. Qb8+ Kf7 35. Qf4 Qxf4 36. gxf4 Ke7 $19 {[%csl Gc5,Gd7,
Ge4] _|_} 37. Rg3 Kd6 38. Rg7 h5 39. Rg5 e3 40. Ke2 Bb5+ 0-1

[Event "EU-chT (Men) 17th"]
[Site "Novi Sad"]
[Date "2009.10.24"]
[Round "3"]
[White "Topalov, Veselin"]
[Black "Adams, Michael"]
[Result "1-0"]
[WhiteElo "2813"]
[BlackElo "2682"]
[PlyCount "85"]
[EventDate "2009.10.22"]
[EventType "team-swiss"]
[EventRounds "9"]
[EventCountry "YUG"]
[SourceTitle "CBM 133"]
[Source "ChessBase"]
[SourceDate "2009.11.19"]
[SourceVersion "1"]
[SourceVersionDate "2009.11.19"]
[SourceQuality "1"]
[WhiteTeam "Bulgaria"]
[BlackTeam "England"]
[WhiteTeamCountry "BUL"]
[BlackTeamCountry "ENG"]

1. e4 e5 2. Nf3 Nc6 3. Bb5 a6 4. Ba4 Nf6 5. O-O Be7 6. Re1 b5 7. Bb3 d6 8. c3
O-O 9. h3 Nb8 10. d4 Nbd7 11. Nbd2 Bb7 12. a4 c5 13. Bc2 Re8 14. d5 c4 15. b3
cxb3 16. Nxb3 Qc7 17. Bd3 Qxc3 18. Be3 Rec8 19. Rc1 Qb4 20. Rb1 Qc3 21. axb5
axb5 22. Bxb5 Nf8 23. Nfd2 Ra2 24. Qf3 Rc2 25. Nf1 Ng6 26. Ng3 Rb2 27. Qd1 Nf4
28. Rxb2 Qxb2 29. Qb1 Qa3 30. Bd2 Bd8 31. Re3 Qa7 32. Nf5 Qb8 33. Na5 g6 34.
Nxb7 gxf5 35. Nxd8 Rxd8 36. exf5 Qb7 37. Qb2 Kf8 38. Rb3 N4xd5 39. Bh6+ Ke7 40.
Ba4 Qa6 41. Rb7+ Nd7 42. Qb3 Qa5 43. Kh2 1-0

[Event "Linares 27th"]
[Site "Linares"]
[Date "2010.02.14"]
[Round "2"]
[White "Topalov, Veselin"]
[Black "Gashimov, Vugar"]
[Result "1-0"]
[WhiteElo "2805"]
[BlackElo "2759"]
[Annotator "Ftacnik,L"]
[PlyCount "95"]
[EventDate "2010.02.13"]
[EventType "tourn"]
[EventRounds "10"]
[EventCountry "ESP"]
[EventCategory "21"]
[SourceTitle "CBM 135"]
[Source "ChessBase"]
[SourceDate "2010.03.17"]
[SourceVersion "1"]
[SourceVersionDate "2010.03.17"]
[SourceQuality "1"]

1. d4 d5 2. c4 c6 3. Nf3 Nf6 4. e3 a6 5. Qc2 g6 6. Bd3 Bg7 7. O-O O-O 8. Nbd2
Nbd7 9. cxd5 {Topalov is very well prepared and this might be true even for
the lesser opening lines. White is swapping the pawns on d5 in the conviction,
that the black knight on d7 is seriously misplaced.} (9. b3 e5 (9... c5 10. Bb2
b6 11. Rfd1 Bb7 12. Rac1 (12. e4 dxe4 13. Nxe4 Nxe4 14. Bxe4 Bxe4 15. Qxe4 e6
16. Rd2 Qc7 $11) 12... e6 13. Be2 Qe7 14. dxc5 bxc5 15. Ne5 Rac8 (15... Nxe5
16. Bxe5 Rac8) 16. Bf3 (16. Nxd7 Nxd7 (16... Qxd7 17. cxd5 exd5 18. Ba3 $16)
17. Bxg7 Kxg7 18. Nf3 $11) 16... Rfd8 17. Nxd7 Qxd7 18. Be5 Qe7 19. Bc3 $6 d4
20. exd4 cxd4 21. Ba5 Re8 22. Bxb7 Qxb7 23. c5 {1-0 Goldin,A (2621)-Mulyar,M 
(2446)/Seattle 2003 (61)}) 10. Nxe5 (10. dxe5 Ng4 11. Ba3 Re8 12. cxd5 cxd5 13.
Bb2 Ndxe5 14. Bd4 Nxd3 15. Qxd3 Bf5 16. Qc3 Rc8 17. Qb4 Qe7 18. Qxe7 Rxe7 19.
Bxg7 Kxg7 20. h3 Nf6 21. Rfc1 Rec7 22. Rxc7 Rxc7 {1/2-1/2 Barlov,D (2500)
-Simic,R (2495)/Kladovo 1994 (61)}) 10... Nxe5 11. dxe5 Ng4 12. Nf3 Nxe5 13.
Nxe5 Bxe5 14. Bb2 Bxb2 15. Qxb2 {1/2-1/2 Kosic,D (2537)-Kobalia,M (2602)/Neum
2002}) 9... cxd5 10. b3 Nb8 (10... Re8 11. Bb2 Nb8 12. Ne5 Nfd7 13. Ndf3 Nxe5
14. Nxe5 f6 15. Nf3 Nc6 16. a3 Bg4 17. Be2 Rc8 18. Qd1 e5 19. h3 Be6 20. Rc1 e4
21. Nd2 f5 22. b4 {1-0 Vavra,P (2192)-Fuksik,J (2211)/Czechia 2004 (73)}) (
10... b6 11. Ba3 Bb7 12. Rac1 Rc8 13. Qb1 Re8 14. h3 Rxc1 15. Rxc1 Qb8 16. Rc2
e6 17. Qf1 Rc8 18. Ne1 Rxc2 19. Nxc2 Qc8 20. f3 h5 21. Bb2 Ne8 {1/2-1/2 Czakon,
J (2416)-Stopa,J (2308)/Legnica 2004 (29)}) 11. Ba3 (11. Ne5 Nfd7) 11... Nc6
12. Rac1 Be6 {Gashimov is doing a great job with improving his pieces. The
bishop on e6 has found a temporary respite in order to bring out the rook to
the c8-square.} (12... Bg4 13. h3 $14) 13. Qb2 Re8 14. h3 Rc8 15. Rc2 Bf5 $5 {
The strategy of exchanging the mighty bishop on d3 comes at a cost. The black
pawn structure will never be perfect again.} 16. Bxf5 gxf5 17. Ne1 $6 {The
Bulgarian star played very interesting chess in Linares, but it was not always
a smooth performance. The transfer of the knight seems to be highly artificial.
} (17. Rfc1 $5 Nd7 (17... Ne4 18. Ne5 $14) 18. Qc3 e6 19. Qd3 $14) 17... Ne4 {
Gashimov is preparing the counterplay in the centre, but the immediate snub of
White's pawn structure was even stronger.} (17... f4 $1 18. Nd3 (18. exf4 Nh5)
18... Nh5 19. Nf3 fxe3 20. fxe3 Ng3 $11) 18. Nd3 e5 19. Nxe4 dxe4 (19... fxe4
20. Nxe5 Nxe5 21. dxe5 Bxe5 22. Rxc8 Qxc8 23. Qd2 Qe6 24. Bb2 $14) 20. Nxe5
Nxe5 21. dxe5 Rxc2 (21... Bxe5 22. Rxc8 Qxc8 23. Qe2 f4 24. exf4 Bxf4 25. Bb2
Qe6 $11) 22. Qxc2 Qa5 {The position is practically equal, but it does not mean
the players can not try to play on.} (22... Bxe5 23. Rd1 Qc8 24. Qd2 Bf6 $11)
23. Bd6 Bxe5 24. b4 Qd8 (24... Qb5 25. Rd1 Rd8 26. Bxe5 Rxd1+ 27. Qxd1 Qxe5 28.
Qd8+ Kg7 29. Qg5+ Kf8 30. g3 $14) 25. Bxe5 Rxe5 26. Rc1 Rd5 27. a4 b5 {Black
was not a favourite in this game and even a super grandmaster can become
nervous about proving clear equality.} (27... Kg7 28. Qc7 Qxc7 29. Rxc7 b5 30.
Ra7 Rd1+ 31. Kh2 Rb1 32. Rxa6 Rxb4 $11) 28. axb5 Rxb5 (28... axb5 29. Qc6 Kg7
$14) 29. Qa4 Qd6 30. Qa1 $1 {Topalov might not be the perfect player, but he
is definitely a fighter. In a simple position Black suddenly has to worry
about preventing mate.} Qe5 (30... Qe6 31. Rd1 Qb6 32. Qc3 Rxb4 33. Qc8+ Kg7
34. Rd8 (34. Qxf5 Rb1) 34... Rb1+ 35. Kh2 Qe6 36. Rg8+ Kf6 37. Qf8 $16) 31.
Qxa6 Rxb4 32. Qh6 Rb8 33. g3 Qe6 34. Qf4 Rc8 35. Rd1 Rc6 $2 {[%mdl 256] Time
trouble combined with an opponent's pressure have managed to send numerous
games down the drain. Black was wrong to leave the 8th rank unprotected.} (
35... f6 36. Rd6 Qe5 37. Qxe5 fxe5 38. Rf6 Rf8 39. Re6 Kg7 40. Rxe5 Kf6 41. Rd5
$14) 36. Rd8+ Kg7 37. Kg2 h6 (37... Rb6 38. Qc7 $16) 38. Qb8 Qf6 39. Rd5 $2 {
A serious blot on an interesting game, White misses a simple and convincing
winning pattern.} (39. Rh8 Kg6 40. Qf8 $1 Kg5 41. Rg8+ Kh5 42. Qa8 Ra6 43. Qb8
Rd6 44. Qc7 Qe6 45. Qc2 $18) 39... Re6 40. h4 h5 $2 {Time is the enemy of both
heroes in our game, Gashimov is missing the last chance to limit the damage.} (
40... f4 $5 41. Qxf4 (41. exf4 e3 42. fxe3 Rxe3 43. Qb4 Qa1 $14) 41... Qxf4 42.
gxf4 $16) 41. Rd8 $1 {White is not ready to let the golden chance slip away
for the second time.} Kh7 42. Rg8 f4 (42... Rd6 43. Qf8 Rd7 44. Rg5 $18) 43.
gxf4 (43. Rg5 f3+ 44. Kh3 $18) 43... Qxh4 (43... Rc6 44. Rg5 $18) 44. Rh8+ Kg6
45. Qg8+ Kf6 46. Qd8+ Re7 47. Rh6+ Kf5 (47... Kg7 48. Qh8#) 48. Qd5+ {The sad
finish to the game for Black as the win is now trivial.} (48. Qd5+ Kg4 49. f3+
exf3+ 50. Qxf3+ Kf5 51. Rxh5+ $18) 1-0

[Event "London FIDE GP 1st"]
[Site "London"]
[Date "2012.09.27"]
[Round "6"]
[White "Topalov, Veselin"]
[Black "Dominguez Perez, Leinier"]
[Result "1-0"]
[WhiteElo "2752"]
[BlackElo "2725"]
[Annotator "Ftacnik,L"]
[PlyCount "97"]
[EventDate "2012.09.21"]
[EventType "tourn"]
[EventRounds "11"]
[EventCountry "ENG"]
[EventCategory "20"]
[SourceTitle "CBM 151"]
[Source "ChessBase"]
[SourceDate "2012.11.13"]
[SourceVersion "1"]
[SourceVersionDate "2012.11.13"]
[SourceQuality "1"]

1. Nf3 d5 2. d4 Nf6 3. c4 c6 4. e3 a6 5. Nc3 b5 6. c5 g6 {Dominguez is way too
strong not to know about problems after the weaker older move 6...Bg4. Black
has build up a fortress on the queenside and thus will be able to focus on the
centre of the board.} (6... Bg4 7. Qb3 $1) 7. Ne5 Bg7 8. f4 Qc7 {The defender
is usually unable to avoid playing the queen to c7 at some stage in this setup.
It will be necessary to defend the c6-pawn in order to develop the pieces so
Black is waiting to see what his opponent will do.} (8... O-O 9. Be2 (9. Bd3
Be6 (9... Qc7 10. O-O Be6 11. g4 Nbd7 12. f5 Nxe5 13. dxe5 Nd7 14. fxe6 fxe6
15. Bd2 Nxc5 16. Bc2 Bxe5 17. Qe2 a5 18. a3 a4 $11 {0-1 Eljanov,P (2729)
-Malakhov,V (2706)/Khanty-Mansiysk 2009 (47)}) 10. g4 Qc7 11. Bd2 a5 12. g5 b4
13. Na4 Ne4 14. Nb6 Ra7 15. Qe2 f6 16. Nf3 Nd7 17. Nxd7 Qxd7 18. gxf6 exf6 19.
O-O-O Bf5 $17 {0-1 Eljanov,P (2729)-Malakhov,V (2706)/Khanty-Mansiysk 2009 (31)
}) 9... Qc7 10. O-O Be6 11. Bf3 Nbd7 12. Nd3 Bf5 13. Nf2 h5 14. h3 b4 15. Na4
Ne4 16. Bxe4 dxe4 17. Bd2 Rab8 18. Qe2 h4 $11 {1-0 Wang Yue (2716)-Malakhov,V 
(2732)/Ningbo 2010 (46)}) (8... a5 9. Bd3 Bf5 10. Bxf5 gxf5 11. Bd2 e6 12. Qe2
h5 13. O-O-O b4 14. Na4 Ne4 15. Nb6 Ra7 16. Nd3 Nd7 17. Nxd7 Kxd7 18. Rdg1 Qb8
19. Nf2 Nxf2 20. Qxf2 a4 $15 {1/2-1/2 Bacrot,E (2705)-Wang Yue (2736)/Elista
2008 (47)}) (8... Be6 9. Bd3 Qc8 10. Bd2 Bf5 11. Bxf5 gxf5 12. b4 Nbd7 13. a4
Ne4 14. Nxe4 Nxe5 15. fxe5 fxe4 16. O-O O-O 17. Be1 Qe6 18. Bh4 f6 19. exf6
exf6 20. Bg3 $16 {1/2-1/2 Eljanov,P (2729)-Malakhov,V (2706)/Khanty-Mansiysk
2009 (80)}) 9. Be2 h5 {Yet another move, that simply belongs to a defensive
plan. Topalov would like to attack and the advance of the h-pawn will
maximally complicate his g2-g4 idea.} (9... a5 10. a3 O-O 11. O-O Be6 (11...
Ne4 12. Nxe4 dxe4 13. a4 b4 14. Qc2 f5 15. Qb3+ e6 16. Bc4 Qe7 17. g4 Bxe5 18.
fxe5 Na6 19. Qd1 Nc7 20. b3 {0-1 Vitiugov,N (2709)-Malakhov,V (2712)/Moscow
2010 (41)} Ba6 $15) 12. Nd3 (12. Bf3 Nbd7 13. Nd3 h6 14. g4 Nh7 15. h4 f5 16.
g5 hxg5 17. hxg5 Kf7 18. Kg2 Rfb8 19. Bd2 Nhf8 20. Be2 $16 {1-0 Gelfand,B 
(2741)-Wang Yue (2752)/Medias 2010 (82)}) 12... Ne4 13. g4 f5 14. Nxe4 dxe4 15.
Ne5 a4 16. gxf5 gxf5 17. Kh1 Nd7 18. Rg1 Kh8 19. Qf1 Nxe5 20. fxe5 $14 {
1-0 Al Sayed,M (2490)-Sanchez,L (2262)/Caleta 2011 (54)}) (9... Be6 10. Bf3
Nbd7 11. Nd3 h5 12. a3 Bf5 13. O-O a5 14. Ne5 O-O 15. Bd2 Ne4 16. Bxe4 dxe4 17.
a4 b4 18. Ne2 Nxe5 19. fxe5 Be6 20. Qc2 Bd5 21. Nf4 $14 {1-0 Ashwin,J (2431)
-Phoobalan,P (2255)/Jalgaon 2010 (61)}) 10. O-O a5 11. a3 {The modest move a3
is a defence against an attack on the c3-knight. The weakness on e4 is so
important, that White can not leave it without exerting some control.} (11. Bd3
Bf5 12. Bxf5 gxf5 13. Qc2 e6 14. Bd2 Nbd7 $11) 11... Bf5 12. h3 Nbd7 13. Bf3 {
We shall be returning to the g4 idea in our comments several times. Topalov
has decided to refrain from it at this early stage of the game, since now he
would not get an advantage.} (13. g4 hxg4 14. hxg4 Be4 15. g5 Nh5 16. Nxe4 dxe4
$11) 13... Ne4 $1 14. Bxe4 (14. g4 $2 Nxc3 15. bxc3 hxg4 16. hxg4 Be6 $17)
14... dxe4 (14... Bxe4 15. Nxe4 dxe4 16. Qc2 Nf6 17. a4 b4 18. Nc4 $14) 15. Bd2
{The coveted advance of the g-pawn would have meant excessive weakening of the
kingside leading only to problems.} (15. g4 $2 hxg4 16. hxg4 Nxe5 17. fxe5 Be6
$17) 15... Nf6 16. Qe2 Be6 17. b4 (17. Be1 O-O 18. Bh4 Rfd8 $11) 17... axb4 18.
axb4 O-O 19. Rfc1 Rfb8 20. Be1 {The Bulgarian ex world championship challenger
has finally parted with the chimera of the pawn attack on the kingside.} (20.
g4 $6 hxg4 21. hxg4 Nd7 22. Nxe4 Nxe5 23. fxe5 Qd7 24. g5 Ra4 $15) 20... Qc8
21. Kh2 Ra6 22. Bh4 Rba8 23. Rxa6 Qxa6 24. Qe1 Qb7 {Dominguez had every reason
to be satisfied with his position, but he could not find the courage to try
using the a-file for an attack at the cost of the e4-pawn.} (24... Ra7 $5 25.
Qd2 Nd5 26. Nxe4 f6 27. Nd3 Qa3 28. Be1 Qb3 $15) 25. Ra1 Rxa1 26. Qxa1 Nd5 27.
Nxd5 (27. Nxe4 $6 f6 28. Nf3 Nxb4 $15) 27... Bxd5 28. Qa5 $1 Qc8 {Black has
reached the situation where he has to try building a fortress at a cost of a
pawn. It was a much bigger risk to allow the enemy pieces to start active
operations.} (28... Kh7 29. Qd8 f6 30. Nd7 Be6 31. Nb8 Bd5 32. Qe8 $16) 29.
Bxe7 Qe8 30. Qc7 (30. Bh4 $2 f6 $17) (30. Qd8 Qxd8 31. Bxd8 Kf8 32. Kg3 Ke8 33.
Bh4 Bxe5 $11) 30... f6 31. Qd7 Bf7 (31... Qxd7 32. Nxd7 Kf7 33. Bd6 Ke6 34. Nb6
$14) 32. Bxf6 {Topalov will get three pawns for the piece and can look into
the future without concern. The other option was to take the c6-pawn right
away keeping the balance as well.} (32. Qxc6 fxe5 33. Qxe8+ Bxe8 34. fxe5 Kf7
35. Bg5 Ke6 36. Kg3 Kd5 37. Kf4 Bd7 $11) 32... Bxf6 33. Qxc6 Bxe5 $2 {Original,
non-standard positions represent serious risks even for very strong players.
Various solutions can be more difficult to evaluate and judgements can turn
out to be plain wrong.} (33... Qxc6 $5 34. Nxc6 Kf8 35. Na7 Bc4 36. Nc6 Ke8 37.
Ne5 g5 38. f5 $11) 34. Qxe8+ Bxe8 35. fxe5 h4 {Black is hoping to get
counterplay with the pawn advance to g4 with the goal of exploiting the
potential of the h-pawn.} (35... Bc6 36. Kg3 Kf7 37. Kf4 Ke7 38. Kg5 Kf7 39. h4
Bd5 40. g4 hxg4 41. Kxg4 Ke7 42. Kg5 Kf7 43. e6+ Bxe6 44. Kf4 Bf5 45. d5 Kf6
46. c6 $18) 36. d5 Kf7 37. Kg1 Ke7 38. Kf2 g5 39. Ke1 Bf7 {The three white
connected passed pawns are very dangerous and Dominguez must have been
agonising between hopeless continuations.} (39... Bh5 40. Kd2 g4 41. hxg4 Bxg4
42. c6 Bf3 43. d6+ Kd8 44. gxf3 h3 45. e6 h2 46. e7+ Ke8 47. c7 $18) 40. e6 Bh5
(40... Bxe6 41. dxe6 Kxe6 42. Kd2 $18) 41. Kd2 Kd8 {The centralising of the
white king after the immediate 41...g4 was very impressive.} (41... g4 42. hxg4
Bxg4 43. Kc3 Bf3 44. Kd4 Bxg2 45. Ke5 h3 46. d6+ Ke8 (46... Kd8 47. e7+ Kd7 48.
c6+ $18) 47. c6 h2 48. c7 $18) 42. d6 g4 43. hxg4 Bxg4 44. e7+ Ke8 45. c6 Be6
46. Kc3 Bd5 47. c7 Bb7 48. Kd4 Kd7 49. Kc5 {The defender is helpless, as he
can not prevent the loss of the b5-pawn. A very interesting and unusual
endgame!} (49. Kc5 Ba6 50. Kb6 Bc8 51. Kxb5 $18) 1-0